000 00373 a2200169 4500
001 74148
020 _a853224852-7
040 _cAnchieta - Colégio São Paulo
100 _aGordon, Hélio
240 1 0 _aA história dos números
_lpor
245 1 0 _aA história dos números
300 _a56
362 0 _a2002
440 1 _aFTD
650 4 _aMatemática
942 _cBK
999 _c74148
_d74148